000 00544nmm a2200169Ia 4500
008 251105s9999||||xx |||||||||||||||||und||
020 _a8470305573
041 _aspa
100 _aForneas Fernández, María Celia
245 0 _aLa crónica taurina actual :
_b Un texto informativo, literario y de opinión
264 _a[Madrid, España] :
_bBiblioteca Nueva,
_c1998
300 _a184 páginas
490 _aLa Piel de toro
650 _aFolklore & Popular Culture
856 _uhttps://public.digitaliapublishing.com/a/2000
942 _cCF
999 _c73114
_d73114